000 00317 a2200157 4500
001 164789
020 _a
040 _cMagnum
100 _aAlmeida, Maria Augusta de
240 1 0 _aO quarto vazio
_lpor
245 1 0 _aO quarto vazio
362 0 _a1899
440 1 _aPaulinas
697 _aJ/ROMANCE
942 _cBK
999 _c164789
_d164789